000 01120nam a22003497a 4500
001 BR2010000971
003 BR-BrBNA
005 20230928103206.0
007 ta
008 230509b bl.||||| |||| 00| 0 por d
040 _aBR-BrBNA
_bpor
_cBiblioteca Nacional de Agricultura
041 _a(Por)
072 _aL74; L50
_b4076
090 _ 4076 BR2010000971
100 1 _aGuimarães, P.T.C.
110 1 _aUniversidade Federal de Minas Gerais, Belo Horizonte (Brasil). Escola de Veterinária
_0Tese (Doutor em Ciência Animal)
245 1 _aCaracterização molecular e imunológica do veneno de Tityus fasciolatus e sua ação sobre camundongos
260 3 _aBelo Horizonte, MG (Brasil):
_c2009.
300 _a130 p.
500 _aSummaries (Eng, Por); Bibliography p. 113-129; 29 tables; 42 illus.
650 _aCAMUNDONGO
650 _aANIMAL DE LABORATÓRIO
650 _aESCORPIÃO
650 _aVENENO
650 _aINTOXICAÇÃO
650 _aHEMATOLOGIA
650 _aDIAGNÓSTICO
650 _aTÓXINA
650 _aIMUNIZAÇÃO
909 _a202309
_bLucia
_c55
_dLucia Elande
942 _cBK
999 _c74080
_d74080